Population dynamics of neotropical small mammals in seasonal habitats (Registro nro. 10701)

Detalles MARC
000 -CABECERA
Campo de control 005470000a22001690004500
090 ## - CLASIFICACIÓN LOCAL
Colección AR
Consecutivo 01621
041 0# - IDIOMA
Código de idioma para texto/pista de sonido o título separado
100 1# - ASIENTO PRINCIPAL--NOMBRE PERSONAL
Nombre personal O'Connell, Margaret A.
245 10 - MENCION DE TITULO
Título Population dynamics of neotropical small mammals in seasonal habitats
650 14 - ASIENTO SECUNDARIO DE MATERIA - TERMINO TEMATICO
Término temático o nombre geográfico como elemento de entrada Dinámica poblacional
650 14 - ASIENTO SECUNDARIO DE MATERIA - TERMINO TEMATICO
Término temático o nombre geográfico como elemento de entrada Ecología de poblaciones
650 14 - ASIENTO SECUNDARIO DE MATERIA - TERMINO TEMATICO
Término temático o nombre geográfico como elemento de entrada Fenología
650 14 - ASIENTO SECUNDARIO DE MATERIA - TERMINO TEMATICO
Término temático o nombre geográfico como elemento de entrada Hábitat animal
651 #4 - ASIENTO SECUNDARIO DE MATERIA - NOMBRE GEOGRAFICO
-- Parque Nacional Guatopo
-- Venezuela
773 1# - Item fuente:
Título Journal of Mammalogy
Especificación de materiales 106
Descripción física 3
Paginas del Articulo 532-548
Lugar, editorial y fecha de publicación 1989
Información sobre la relación 70
942 ## - ELEMENTOS ADICIONALES (KOHA)
Tipo de ítem Artículo
Existencias
Withdrawn status Lost status Damaged status No para préstamo Colección Ubicación Permanente Ubicación actual Fecha de adquisición Fuente de Valor Datos de publicación Seriada Total Checkouts Número topográfico Inventario / Código de Barras Date last seen Ejemplar Price effective from Forma de adquisición Tipo de material
      No para Préstamo Hemeroteca Bogotá Bogotá 27/02/2015 Muñoz Saba, Yaneth Fuera de circulación   AR 01621 011982 25/03/2015 1 25/03/2015   Artículo